Detalles MARC
| 000 -LÍDER |
| Campo fijo de descripción fija |
03545nam a2200385 i 4500 |
| 001 - NÚMERO DE CONTROL |
| Campo de control |
768714001 |
| 003 - IDENTIFICADOR DEL NÚMERO DE CONTROL |
| Campo de control |
CO-MdFUSB |
| 005 - FECHA Y HORA DE LA ULTIMA TRANSACCIÓN |
| control field |
20200821095224.0 |
| 007 - CAMPO FIJO DE DESCRIPCIÓN FIJA--INFORMACIÓN GENERAL |
| Campo fijo de descripción fija |
ta |
| 008 - ELEMENTOS DE LONGITUD FIJA -- INFORMACIÓN GENERAL |
| Campo fijo de descripción fija -- Información general |
091026s2010 miu b 001 0 eng |
| 020 ## - NÚMERO INTERNACIONAL NORMALIZADO PARA LIBROS |
| Número Internacional Normalizado del libro |
9780802837295 |
| 020 ## - NÚMERO INTERNACIONAL NORMALIZADO PARA LIBROS |
| Número Internacional Normalizado del libro |
0802837298 |
| 020 ## - NÚMERO INTERNACIONAL NORMALIZADO PARA LIBROS |
| Número Internacional Normalizado del libro |
9781844744220 |
| 020 ## - NÚMERO INTERNACIONAL NORMALIZADO PARA LIBROS |
| Número Internacional Normalizado del libro |
1844744221 |
| 040 ## - FUENTE DE CATALOGACIÓN |
| Agencia que realiza la modificación |
CO-MdFUSB |
| Agencia que realiza la transcripción |
CO-MdFUSB |
| Agencia de catalogación original |
CO-MdFUSB |
| Idioma de catalogación |
spa |
| Convenciones de la descripción |
rda |
| 041 ## - CÓDIGO DE IDIOMA |
| Código de idioma para texto/pista de sonido o título separado |
eng |
| 082 ## - NÚMERO DE CLASIFICACIÓN DECIMAL DEWEY |
| Número de la edición del Dewey |
23 |
| Número de clasificación |
227.8707 |
| Clave de autor-Numero de item |
O999 |
| 100 1# - ASIENTO PRINCIPAL--NOMBRE PERSONAL |
| Nombre personal |
O'Brien, Peter Thomas. |
| Término relacionador |
autor |
| 245 #4 - TÍTULO |
| Título del Material |
The letter to the Hebrews |
| Mención de responsabilidad, etc. |
/ Peter T. O'Brie |
| 264 #1 - PRODUCCIÓN, PUBLICACIÓN, DISTRIBUCIÓN, MANUFACTURA, Y COPYRIGHT |
| Lugar de producción, publicación, distribución, manufactura |
Grand Rapids, Mich. : |
| Nombre del productor, publicador, distribuidor |
Wm. B. Eerdmans Publishing Company, |
| Fecha de producción, publicación, distribución, manufactura, o copyright |
[2010] |
| 264 #4 - PRODUCCIÓN, PUBLICACIÓN, DISTRIBUCIÓN, MANUFACTURA, Y COPYRIGHT |
| Fecha de producción, publicación, distribución, manufactura, o copyright |
©2010 |
| 300 ## - DESCRIPCIÓN FÍSICA |
| Extensión |
596 páginas ; |
| Dimensiones |
24 cm. |
| 336 ## - TIPO DE CONTENIDO |
| Término de tipo de contenido |
texto |
| Código de tipo de contenido |
txt |
| Fuente |
rdacontent. |
| 337 ## - TIPO DE MEDIO |
| Nombre del tipo de medio |
sin mediación |
| Código del tipo de medio |
n |
| Fuente |
rdamedia. |
| 338 ## - TIPO DE SOPORTE |
| Nombre del tipo de soporte |
volumen |
| Código Tipo de soporte |
nc |
| Fuente |
rdacarrier. |
| 490 ## - MENCIÓN DE SERIE |
| Mención de serie |
The Pillar New Testament commentary |
| 500 ## - NOTA GENERAL |
| Nota General |
En julio de 2016, Wm. B. Eerdmans Publishing Co. recibió acusaciones contra este comentario y emprendió una investigación cuidadosa. Los editores de Eerdmans y los consultores externos determinaron que partes importantes del comentario habían sido plagiadas y retiraron el libro de la publicación. El autor, Peter T. O'Brien, fue presentado con los hallazgos y proporcionó la siguiente respuesta: "En los comentarios del Nuevo Testamento que he escrito, aunque nunca he utilizado deliberadamente el trabajo de otros, sin embargo, ahora veo que mi trabajo los procesos a veces han sido defectuosos y han generado un plagio claro pero involuntario. Por esto me disculpo sin reservas ". |
| 505 ## - NOTA DE CONTENIDO |
| Nota de contenido con formato preestablecido |
Autoría y canonicidad -- La situación de los destinatarios -- Destino -- Fecha -- Género -- Estructura -- Exposición, exhortación y propósito -- Hebreos en su mundo del primer siglo -- Orígenes cristianos -- Introducción: la última palabra de Dios a nosotros en su Hijo, 1: 1-4 -- La posición del Hijo en relación con la de los ángeles, 1: 5-2: 18 -- Pon tu atención en Jesús—una advertencia contra la incredulidad—una promesa de entrando en el reposo de Dios, 3: 1-4: 13 -- Ya que tenemos un gran sumo sacerdote, agárranos y acérquese, 4: 14-16 -- El nombramiento del Hijo como único sumo sacerdote, 5: 1-7: 28 -- La ofrenda superior del sumo sacerdote designado, 8: 1-10: 18 - Ya que tenemos acceso a Dios a través del sacrificio de Cristo, acerquémonos y aferrámonos, 10: 19-25 -- Un llamado a la perseverancia y fe, 10: 26-12: 29 -- Exhortaciones finales, oraciones finales y saludos, 13: 1-25. |
| 505 00 - NOTA DE CONTENIDO |
| Nota de contenido con formato preestablecido |
Authorship and canonicity -- The situation of the recipients -- Destination -- Date -- Genre -- Structure -- Exposition, exhortation, and purpose -- Hebrews in its first-century world -- Christian origins -- Introduction : God's final word to us in his Son, 1:1-4 --<br/>The position of the Son in relation to that of angels, 1:5-2:18 -- Fix your attention on Jesus -- a warning against unbelief -- a promise of entering God's rest, 3:1-4:13 -- Since we have a great high priest, let us hold fast and draw near, 4:14-16 -- The Son's appointment as unique high priest, 5:1-7:28 -- The superior offering of the appointed high priest, 8:1-10:18 --<br/>Since we have access to God through Christ's sacrifice, let us draw near and hold fast, 10:19-25 -- A call to perseverance and faith, 10:26-12:29 -- Concluding exhortations, final prayers, and greetings, 13:1-25. |
| 563 ## - NOTA DE ENCUADERNACIÓN |
| Nota de encuadernación |
Tapa dura |
| 630 #7 - TITULO UNIFORME |
| Título uniforme |
Biblia. |
| Nombre de parte o sección de la obra |
Hebreos |
| Subdivisión de materia general |
Crítica, interpretación, etc. |
| 942 ## - TIPO DE MATERIAL (KOHA) |
| Tipo de Item KOHA |
Libros de Referencia |
| 945 ## - INFORMACIÓN LOCAL DEL REGISTRO |
| Catalogador |
JTF-925 |